[Event "Paracin op-A 18th"]
[Site "Paracin"]
[Date "2025.07.04"]
[Round "1"]
[White "Bizhigitov, Zhangir"]
[Black "Bulgankhan, Ganzorig"]
[Result "1-0"]
[WhiteElo "2288"]
[BlackElo "2021"]
[PlyCount "157"]
[EventDate "2025.07.04"]
[EventType "swiss"]
[EventRounds "9"]
[EventCountry "SRB"]
[SourceTitle "CB29_2025"]
[SourceDate "2025.07.16"]
[SourceVersion "1"]
[SourceVersionDate "2025.07.16"]
[SourceQuality "1"]

1. e4 g6 2. d4 Bg7 3. Nc3 c6 4. Nf3 d5 5. h3 Nh6 6. Bd3 0-0 7. 0-0 f6 8. Re1 Nf7 9. Bf1 a5 10. b3 Na6 11. Bb2 Nc7 12. exd5 cxd5 13. Nb5 a4 14. Nxc7 Qxc7 15. c4 a3 16. Bc3 dxc4 17. bxc4 e5 18. Qb3 Re8 19. dxe5 fxe5 20. Nd4 Qd8 21. Nb5 Be6 22. Bb4 Rc8 23. Bxa3 Qh4 24. Rac1 Bh6 25. Rc2 Bf5 26. Rce2 Red8 27. c5 Rd3 28. Qb4 Bf4 29. Re3 Rxe3 30. fxe3 Bg3 31. Qxh4 Bxh4 32. Rd1 Be6 33. Bb4 Bxa2 34. Rd7 Rb8 35. Nc7 Rd8 36. Bb5 Rxd7 37. Bxd7 Nd8 38. Nb5 Bd5 39. Nd6 Be7 40. Bc8 Kf8 41. Ba5 Nc6 42. Bxb7 Bxd6 43. cxd6 Ke8 44. Bc7 Kd7 45. Ba6 Nb4 46. Be2 e4 47. Kf2 Nd3+ 48. Kg3 Be6 49. Bd1 Bd5 50. Ba4+ Bc6 51. Bb3 h6 52. Bf7 Ne5 53. Bb3 Nd3 54. Bg8 Bb7 55. Bh7 Ne5 56. h4 Bd5 57. h5 gxh5 58. Kf4 Nd3+ 59. Kf5 Ne1 60. Kf6 Bc6 61. Kf7 Bd5+ 62. Kf8 Nd3 63. Bf5+ Be6 64. Bxe4 Nc5 65. Bg6 Bg4 66. Be8+ Ke6 67. Bc6 h4 68. Ke8 Kf6 69. d7 Bh5+ 70. Kd8 Bg4 71. Bd6 Ne6+ 72. Kc8 h3 73. gxh3 Bxh3 74. d8Q+ Nxd8+ 75. Kxd8 h5 76. e4 Be6 77. Bd7 h4 78. Bxe6 Kxe6 79. Bh2 1-0

[Event "Titled Tuesday intern op 25th Mar Early"]
[Site "Chess.com INT"]
[Date "2025.03.25"]
[Round "8"]
[White "Bizhigitov, Zhangir"]
[Black "Kosteniuk, Alexandra"]
[Result "1-0"]
[WhiteElo "2276"]
[BlackElo "2484"]
[PlyCount "95"]
[EventDate "2025.03.25"]
[EventType "swiss (blitz)"]
[EventRounds "11"]
[EventCountry "USA"]
[SourceTitle "CB14_2025"]
[SourceDate "2024.11.01"]
[SourceVersion "1"]
[SourceVersionDate "2024.11.01"]
[SourceQuality "1"]

1. e4 c5 2. Nf3 e6 3. d4 cxd4 4. Nxd4 Nc6 5. Nc3 Nf6 6. a3 Bc5 7. Nb3 Bb6 8. Bd3 Qc7 9. Qe2 a6 10. Be3 Bxe3 11. Qxe3 Ne5 12. f4 Nxd3+ 13. cxd3 d5 14. exd5 0-0 15. 0-0 exd5 16. Qc5 Qd8 17. Rae1 Bf5 18. Qd4 Qd6 19. Re5 g6 20. Nxd5 Rfd8 21. Ne7+ Kf8 22. Nxf5 gxf5 23. Qc3 Rac8 24. Rc5 Rxc5 25. Nxc5 Rc8 26. b4 b6 27. Nd7+ Qxd7 28. Qxf6 Qe6 29. Qd4 Ke7 30. h3 Rd8 31. Qc3 Kd7 32. Re1 Qd6 33. Qc4 Qf8 34. Qd5+ Kc7 35. Rc1+ Kb8 36. Qc6 Qd6 37. Qc4 Qd4+ 38. Qxd4 Rxd4 39. Rc6 Kb7 40. Rf6 Rxd3 41. Rxf7+ Kc6 42. Rf6+ Kb5 43. Rxf5+ Ka4 44. Rf6 Rxa3 45. Rxb6 Kb3 46. f5 Ra1+ 47. Kf2 Kc4 48. f6 1-0

[Event "Titled Tuesday intern op 25th Mar Early"]
[Site "Chess.com INT"]
[Date "2025.03.25"]
[Round "11"]
[White "Gibala, Adam"]
[Black "Bizhigitov, Zhangir"]
[Result "1/2-1/2"]
[WhiteElo "2196"]
[BlackElo "2276"]
[PlyCount "212"]
[EventDate "2025.03.25"]
[EventType "swiss (blitz)"]
[EventRounds "11"]
[EventCountry "USA"]
[SourceTitle "CB14_2025"]
[SourceDate "2024.11.01"]
[SourceVersion "1"]
[SourceVersionDate "2024.11.01"]
[SourceQuality "1"]

1. Nf3 Nf6 2. c4 e6 3. Nc3 d5 4. cxd5 exd5 5. d4 c5 6. Bg5 Be6 7. e3 c4 8. Qc2 Bb4 9. Be2 Qa5 10. Bxf6 gxf6 11. 0-0 Bxc3 12. bxc3 Nc6 13. a4 0-0 14. Rab1 Qc7 15. e4 Kh8 16. exd5 Bxd5 17. Rb5 Ne7 18. Nd2 a6 19. Rc5 Qd7 20. Nxc4 Rg8 21. f3 Qe6 22. Rf2 Nf5 23. Rxd5 Qxd5 24. Nb6 Qc6 25. Nxa8 Nxd4 26. Qb2 Nxe2+ 27. Rxe2 Rxa8 28. Qb4 Rd8 29. h3 Rd1+ 30. Kh2 Qc7+ 31. f4 Kg7 32. Re8 Qd6 33. Qxd6 Rxd6 34. Re7 Rb6 35. Kg3 Rb3 36. Kg4 Rxc3 37. Rxb7 Rc4 38. a5 Rc5 39. Rb6 Rxa5 40. g3 Kg6 41. h4 h5+ 42. Kh3 Ra3 43. Rc6 a5 44. Ra6 Kf5 45. Ra7 Kg6 46. Ra6 Ra1 47. Ra7 Ra2 48. Ra6 Kf5 49. Ra7 Kg6 50. Ra6 a4 51. Ra5 Ra1 52. Rb5 Rc1 53. Ra5 Rc4 54. f5+ Kg7 55. Ra7 Rb4 56. Kg2 Rb5 57. Rxa4 Rxf5 58. Ra7 Rb5 59. Ra4 Kg6 60. Rf4 Rf5 61. Ra4 Rc5 62. Kh3 Kf5 63. Rf4+ Kg6 64. Ra4 Rb5 65. Ra8 Rb1 66. Rg8+ Kh7 67. Rf8 Kg7 68. Rc8 f5 69. Rc5 Kg6 70. Rc6+ Kg7 71. Rc5 Kf6 72. Rc6+ Ke5 73. Rh6 Ke4 74. Rxh5 f6 75. Rh6 Kf3 76. Kh2 Rb2+ 77. Kh3 Rb6 78. Rh8 Rb1 79. Kh2 Rb2+ 80. Kh3 Rg2 81. Rf8 Rxg3+ 82. Kh2 Rg2+ 83. Kh3 Rg1 84. Kh2 Rg4 85. Kh3 Rg6 86. h5 Rh6 87. Kh4 f4 88. Rg8 Ke3 89. Rg6 Rh8 90. Rxf6 f3 91. Re6+ Kf2 92. h6 Kg2 93. Rg6+ Kh2 94. Rf6 Kg2 95. Rg6+ Kf1 96. Rf6 f2 97. Kh5 Ke2 98. Re6+ Kd3 99. Rf6 Ke2 100. Re6+ Kf3 101. Rf6+ Kg2 102. Rg6+ Kh2 103. Rf6 Kg1 104. Rg6+ Kh2 105. Rf6 Kg1 106. Rg6+ Kh2 1/2-1/2

[Event "Titled Tuesday intern op 25th Mar Early"]
[Site "Chess.com INT"]
[Date "2025.03.25"]
[Round "6"]
[White "Hernandez Ojeda, Garry Anatholy"]
[Black "Bizhigitov, Zhangir"]
[Result "0-1"]
[WhiteElo "2103"]
[BlackElo "2276"]
[PlyCount "66"]
[EventDate "2025.03.25"]
[EventType "swiss (blitz)"]
[EventRounds "11"]
[EventCountry "USA"]
[SourceTitle "CB14_2025"]
[SourceDate "2024.11.01"]
[SourceVersion "1"]
[SourceVersionDate "2024.11.01"]
[SourceQuality "1"]

1. e4 c5 2. Nf3 Nc6 3. c3 Nf6 4. e5 Nd5 5. d4 cxd4 6. Bc4 Nb6 7. Bb3 d6 8. exd6 Qxd6 9. Nxd4 Nxd4 10. cxd4 g6 11. Qf3 e6 12. Nc3 Bg7 13. Be3 0-0 14. 0-0 a6 15. Rfd1 Nd7 16. d5 Ne5 17. Qe2 exd5 18. Nxd5 Bg4 19. f3 Bf5 20. Rac1 Rfe8 21. Nc7 Qe7 22. Nxe8 Rxe8 23. Bc5 Qg5 24. Bc2 Bd7 25. Qf2 Bc6 26. f4 Nf3+ 27. Qxf3 Qxc5+ 28. Qf2 Qh5 29. Bb3 Re2 30. Qg3 Rxg2+ 31. Qxg2 Bxg2 32. Rd8+ Bf8 33. Kxg2 Qe2+ 0-1

[Event "Titled Tuesday intern op 25th Feb Early"]
[Site "Chess.com INT"]
[Date "2025.02.25"]
[Round "2"]
[White "Bizhigitov, Zhangir"]
[Black "Kazakouski, Valery"]
[Result "0-1"]
[WhiteElo "2276"]
[BlackElo "2538"]
[PlyCount "98"]
[EventDate "2025.02.25"]
[EventType "swiss (blitz)"]
[EventRounds "11"]
[EventCountry "USA"]
[SourceTitle "CB10_2025"]
[SourceDate "2025.03.05"]
[SourceVersion "1"]
[SourceVersionDate "2025.03.05"]
[SourceQuality "1"]

1. e4 e5 2. Nf3 Nc6 3. Bb5 a6 4. Ba4 Nge7 5. c3 Ng6 6. d4 exd4 7. cxd4 Bb4+ 8. Nc3 d5 9. exd5 Qxd5 10. 0-0 Bxc3 11. bxc3 0-0 12. h3 Na5 13. Re1 b5 14. Bc2 Bf5 15. a4 Bxc2 16. Qxc2 Nc4 17. Ng5 Rfe8 18. Bd2 h6 19. Nf3 c6 20. axb5 Rxe1+ 21. Nxe1 cxb5 22. Nd3 a5 23. Nf4 Nxf4 24. Bxf4 a4 25. Qe2 a3 26. Qg4 Qe4 27. Qg3 Kh7 28. Kh2 a2 29. Qf3 Qxf3 30. gxf3 Nb6 31. Bc1 Kg6 32. Bb2 Nc4 33. Bc1 Kf5 34. Kg2 Ke6 35. Kf1 Kd5 36. Ke2 Nb6 37. Kd3 Na4 38. Kc2 Re8 39. Rxa2 Re2+ 40. Bd2 Kc4 41. Kd1 Nxc3+ 42. Bxc3 Rxa2 43. Bd2 Kxd4 44. Kc1 Kd3 45. Be3 b4 46. Kb1 b3 47. f4 Re2 48. Kc1 Rxe3 49. fxe3 Kxe3 0-1

[Event "Titled Tuesday intern op 25th Feb Early"]
[Site "Chess.com INT"]
[Date "2025.02.25"]
[Round "10"]
[White "Munoz, Francisco Javier"]
[Black "Bizhigitov, Zhangir"]
[Result "1-0"]
[WhiteElo "2389"]
[BlackElo "2276"]
[PlyCount "121"]
[EventDate "2025.02.25"]
[EventType "swiss (blitz)"]
[EventRounds "11"]
[EventCountry "USA"]
[SourceTitle "CB10_2025"]
[SourceDate "2025.03.05"]
[SourceVersion "1"]
[SourceVersionDate "2025.03.05"]
[SourceQuality "1"]

1. e4 c5 2. Nc3 Nc6 3. Bb5 Nd4 4. Bd3 e6 5. Nge2 a6 6. b3 Nc6 7. Bb2 Nf6 8. Ng3 Be7 9. f4 d5 10. e5 Nd7 11. Qf3 b5 12. 0-0-0 Bb7 13. Be2 c4 14. Qg4 g6 15. h4 h5 16. Qh3 Nd4 17. Kb1 Qb6 18. d3 Nxe2 19. Ncxe2 a5 20. dxc4 bxc4 21. f5 gxf5 22. Nd4 a4 23. Rhf1 axb3 24. axb3 cxb3 25. cxb3 Qa6 26. Rf3 Qa2+ 27. Kc2 Ba3 28. Rb1 Rc8+ 29. Rc3 Rxc3+ 30. Kxc3 Bxb2+ 31. Rxb2 Qa5+ 32. Kc2 Qc5+ 33. Kb1 Qxd4 34. Ne2 Qe4+ 35. Kc1 Nxe5 36. Qc3 0-0 37. Rc2 Rc8 38. Qg3+ Kf8 39. Rxc8+ Bxc8 40. Nc3 Qd4 41. Kc2 Ba6 42. Qg5 Qd3+ 43. Kb2 Qd2+ 44. Qxd2 Nd3+ 45. Kc2 Ke7 46. b4 Nxb4+ 47. Kb3 Nc6 48. Qg5+ Kd7 49. Qxh5 d4 50. Na4 Kd6 51. Qxf7 d3 52. Qf8+ Kc7 53. Nc3 Nd4+ 54. Kb2 d2 55. Qc5+ Nc6 56. h5 Bf1 57. h6 Bxg2 58. h7 Bf3 59. h8Q d1Q 60. Nxd1 Bxd1 61. Qg7+ 1-0

[Event "Titled Tuesday intern op 11th Feb Early"]
[Site "Chess.com INT"]
[Date "2025.02.11"]
[Round "1"]
[White "Schirmbeck, Lilian"]
[Black "Bizhigitov, Zhangir"]
[Result "0-1"]
[WhiteElo "1754"]
[BlackElo "2276"]
[PlyCount "108"]
[EventDate "2025.02.11"]
[EventType "swiss (blitz)"]
[EventRounds "11"]
[EventCountry "USA"]
[SourceTitle "CB08_2025"]
[SourceDate "2025.02.19"]
[SourceVersion "1"]
[SourceVersionDate "2025.02.19"]
[SourceQuality "1"]

1. d4 Nf6 2. Bf4 d5 3. e3 c5 4. c3 Nc6 5. Nf3 Qb6 6. Qc1 Bf5 7. Nbd2 e6 8. Nh4 Bg4 9. h3 Bh5 10. g4 Bg6 11. Bg2 Be7 12. Nhf3 Rc8 13. 0-0 0-0 14. dxc5 Qxc5 15. Nb3 Qb6 16. Nbd4 Ne4 17. Ne5 Nxe5 18. Bxe5 Nc5 19. Bg3 Nd3 20. Qd2 Qxb2 21. Qxb2 Nxb2 22. Rac1 Na4 23. f4 Be4 24. Bxe4 dxe4 25. c4 Nc5 26. f5 Bg5 27. Bf2 Nd3 28. Rc2 e5 29. Nb5 Rc5 30. Nd6 Nxf2 31. Kxf2 Bh4+ 32. Ke2 Rc7 33. Nxe4 Be7 34. c5 Rfc8 35. Rfc1 Kf8 36. Kd3 Ke8 37. g5 Kd7 38. f6 gxf6 39. gxf6 Bf8 40. Ng5 Rxc5 41. Rxc5 Rxc5 42. Rxc5 Bxc5 43. Nxf7 Ke6 44. Nd8+ Kxf6 45. Nxb7 Bb6 46. Ke4 Kg5 47. Nd6 Kh4 48. Nf7 h5 49. Nxe5 Kxh3 50. Nc4 Kg3 51. Nd2 h4 52. a4 h3 53. a5 Bxa5 54. Nf1+ Kg2 0-1

[Event "FIDE World Rapid Team"]
[Site "Almaty"]
[Date "2024.08.02"]
[Round "2.17"]
[White "Bizhigitov, Zhangir"]
[Black "Lagno, Kateryna"]
[Result "0-1"]
[WhiteElo "2237"]
[BlackElo "2532"]
[PlyCount "72"]
[EventDate "2024.08.02"]
[EventType "team (rapid)"]
[EventRounds "12"]
[EventCountry "KAZ"]
[SourceTitle "CBM 221 Extra"]
[Source "ChessBase"]
[SourceDate "2024.09.30"]
[SourceVersion "1"]
[SourceVersionDate "2024.09.30"]
[SourceQuality "1"]
[WhiteTeam "Kazakhstan Teniz"]
[BlackTeam "Al Ain ACMG"]
[WhiteTeamCountry "KAZ"]
[BlackTeamCountry "UAE"]

1. e4 e5 2. Nf3 Nc6 3. Bb5 a6 4. Ba4 Nf6 5. 0-0 Be7 6. Re1 b5 7. Bb3 0-0 8. a4 Bb7 9. d3 Re8 10. Nc3 Nd4 11. Nxd4 exd4 12. Ne2 c5 13. Ng3 d5 14. e5 Nd7 15. c3 Bf8 16. f4 c4 17. Bc2 dxc3 18. bxc3 cxd3 19. Qxd3 g6 20. axb5 Nc5 21. Qd1 axb5 22. Rxa8 Bxa8 23. Be3 Ne4 24. Bd4 b4 25. Ba4 Re6 26. cxb4 Bxb4 27. Re3 Qh4 28. Nxe4 dxe4 29. Rb3 Qe7 30. Qb1 Bc5 31. Rb8+ Kg7 32. Bxc5 Qxc5+ 33. Kh1 Ra6 34. Rb4 e3 35. Bd1 e2 36. Bxe2 Qxb4 0-1